000 00470nam a2200121Ia 4500
008 230128s9999 xx 000 0 und d
041 _aeng
082 _aPAR PR0588
_bPAR
100 _aParkhe Payal V - 2k131040; Dr.Rachana Shikhare - Guide & [Company Name] - Extentia Information Technology Pvt Ltd.
_9118997
245 _aSoftware Testing And Crital Analysis For Online Hotel Booking System
260 _cSep-14
_bSavitribai Phule Pune University
_aPune
300 _a52p
999 _c97301
_d97301